Linear circuit analysis (Record no. 1802)

000 -LEADER
fixed length control field 00786nam a22002414a 4500
001 - CONTROL NUMBER
control field 1802
003 - CONTROL NUMBER IDENTIFIER
control field BD-DhUET
008 - FIXED-LENGTH DATA ELEMENTS--GENERAL INFORMATION
fixed length control field 001030s2001 nyua b 001 0 eng
020 ## - INTERNATIONAL STANDARD BOOK NUMBER
International Standard Book Number 0195667506
040 ## - CATALOGING SOURCE
Original cataloging agency DLC
Transcribing agency DLC
Modifying agency BD-DhUET
082 ## - DEWEY DECIMAL CLASSIFICATION NUMBER
Classification number 623.815
Item number DEC/2001
100 ## - MAIN ENTRY--PERSONAL NAME
Personal name DeCarlo, Raymond A.
245 10 - TITLE STATEMENT
Title Linear circuit analysis
Remainder of title time domain, phasor, and Laplace transform approaches
Statement of responsibility, etc. by Raymond A. DeCarlo and Pen-Min Lin
250 ## - EDITION STATEMENT
Edition statement 2nd ed.
260 ## - PUBLICATION, DISTRIBUTION, ETC. (IMPRINT)
Place of publication, distribution, etc. New Delhi
Name of publisher, distributor, etc. Oxford University Press
Date of publication, distribution, etc. 2001
300 ## - PHYSICAL DESCRIPTION
Extent xvi, 1008 p.
Other physical details ill.
Dimensions 27 cm.
490 1# - SERIES STATEMENT
Series statement The Oxford series in electrical and computer engineering
504 ## - BIBLIOGRAPHY, ETC. NOTE
Bibliography, etc Includes bibliographies
650 #0 - SUBJECT ADDED ENTRY--TOPICAL TERM
Topical term or geographic name as entry element Electric circuit analysis
650 #0 - SUBJECT ADDED ENTRY--TOPICAL TERM
Topical term or geographic name as entry element Electric circuits, Linear
700 ## - ADDED ENTRY--PERSONAL NAME
Personal name Lin, Pen-Min
942 ## - ADDED ENTRY ELEMENTS (KOHA)
Koha item type General Book
Holdings
Koha item type Shelving location Copy number Sublocation or collection (holding branch) Koha normalized classification for sorting Withdrawn status Price effective from Date acquired Piece designation (barcode) Not for loan Koha date last seen Source of classification or shelving scheme Damaged status Koha issues (times borrowed) Location (home branch) Koha full call number Lost status Koha date last borrowed
General BookCirculation section1Central Library, BUET623_000000000000000_815DEC2001 2014-09-132014-09-13101673 2019-09-16  2Central Library, BUET623.815/DEC/2001 2019-08-31
General BookCirculation section2Central Library, BUET623_000000000000000_815DEC2001 2014-11-052014-11-05102067 2019-09-25  1Central Library, BUET623.815/DEC/2001 2019-09-04
General BookCirculation section3Central Library, BUET623_815000000000000_DEC_2001 2015-09-012015-09-01101674 2019-09-24  1Central Library, BUET623.815/DEC/2001 2019-09-02